Landlocked countries - Capitals - Statistics

General Stats
  • This quiz has been taken 33 times
  • The average score is 35 of 46
Answer Stats
Answer % Correct
Asuncion
95%
Bern
91%
Bratislava
91%
Budapest
91%
La Paz
91%
Vaduz
91%
Vienna
91%
Andorra La Vella
86%
Astana
86%
San Marino
86%
Vatican City
86%
Juba
82%
Kabul
82%
Kigali
82%
N'Djamena
82%
Prague
82%
Pristina
82%
Tashkent
82%
Ashgabat
77%
Belgrade
77%
Chisinau
77%
Luxembourg
77%
Minsk
77%
Skopje
77%
Thimphu
77%
Ulaanbaatar
77%
Bamako
73%
Bishkek
73%
Dushanbe
73%
Harare
73%
Kampala
73%
Lilongwe
73%
Ouagadougou
73%
Yerevan
73%
Baku
68%
Gaborone
68%
Kathmandu
68%
Lusaka
68%
Maseru
68%
Niamey
68%
Sucre
68%
Vientiane
68%
Gitega
59%
Mbabane
59%
Bangui
50%
Addis Ababa
32%
No matching quizzes found
Score Distribution
Percent of People with Each Score
Percentile by Number Answered
Your Score History
You have not taken this quiz